000 00626nam a22001817a 4500
005 20251108165041.0
008 250721s2003 xx 000 0 ara d
082 1 4 _a574.8/حمو
100 1 _aالحمود، محمد حسن
245 1 0 _aعلم الأنسجة النسيج الطلائي , النسيج الرابط , النسيج الدهني , الغضروف , العظم , العضلة /
264 1 _aعمان :
_bدار الأهلية،
_c2003.
300 _a446ص.
650 1 7 _aعلم الانسجه
650 1 7 _aالالياف العصبيه
650 1 7 _aالخلايا
942 _2ddc
_cBK
999 _c20931
_d20931